000 00695nam a2200193Ia 4500
003 GCL
008 140319s9999 xx 000 0 ara d
040 _aGCL /
_cGCL
082 0 4 _a025.3432
_bش د
100 1 _aشعبان عبدالعزيز خليفة
245 1 0 _aالدوريات فى المكتبات ومراكز المعلومات /
_cشعبان عبدالعزيز خليفة
260 _aالقاهرة :
_bالعربى للنشر والتوزيع
300 _a63 ص ؛
_c24 سم
650 0 4 _aالدوريات
650 0 4 _aالدوريات - ضبط ببليوجرافى
650 0 4 _aالمكتبات - دوريات
650 0 4 _aالمكتبات - علم
942 _2ddc
_cBK
999 _c30022
_d30022